Studia nad N-tlenkami 2-chlorowcopikolin

Salvato in:
Dettagli Bibliografici
Autore principale: Puszko, Aniela
Natura: Libro
Lingua:polacco
Pubblicazione: Wroclaw Akademia Ekon. im. Oskara Langego 1991
Edizione:1. wyd.
Serie:Prace naukowe Nr.563
Tags: Aggiungi Tag
Nessun Tag, puoi essere il primo ad aggiungerne!!

MARC

LEADER 00000nam a2200000 4500
001 c032007
005 20221214094945.3
041 0 |a pol 
044 |a PL 
245 1 0 |a Studia nad N-tlenkami 2-chlorowcopikolin  |c Aniela Puszko 
250 |a 1. wyd. 
264 1 |a Wroclaw  |b Akademia Ekon. im. Oskara Langego  |c 1991 
300 |a 165 s. 
490 1 |a Prace naukowe  |v Nr.563 
830 0 |a Prace naukowe  |v Nr.563 
100 1 |a Puszko, Aniela